| 000 | 00000cam 2200000zi 4500 |
| 001 | 9.957857 |
| 003 | CaOODSP |
| 005 | 20260603150328 |
| 006 | m o d f |
| 007 | cr |n||||||||| |
| 008 | 251201e199110##onc o f000 0 eng d |
| 040 | |aCaOODSP|beng|erda|cCaOODSP |
| 043 | |an-cn--- |
| 086 | 1 |aJS42-123/1991E-PDF |
| 245 | 00|aCorrections and Conditional Release Act backgrounder. |
| 246 | 36|aBackgrounder on proposed Corrections and Conditional Release Act |
| 264 | 1|a[Ottawa] : |b[Solicitor General Canada], |cOctober 1991. |
| 300 | |a1 online resource (19 pages) |
| 336 | |atext|btxt|2rdacontent |
| 337 | |acomputer|bc|2rdamedia |
| 338 | |aonline resource|bcr|2rdacarrier |
| 500 | |aDigitized edition from print [produced by Public Safety Canada]. |
| 500 | |aIssued also in French under title: Loi sur le système correctionnel et la mise en liberté sous condition : document d'information. |
| 610 | 10|aCanada. |tCorrections and Conditional Release Act. |
| 650 | 0|aCorrectional law|zCanada. |
| 710 | 1 |aCanada. |bSolicitor General Canada, |eissuing body |
| 775 | 08|tLoi sur le système correctionnel et la mise en liberté sous condition : |w(CaOODSP)9.963297 |
| 856 | 40|qPDF|s353 KB|uhttps://publications.gc.ca/collections/collection_2026/sp-ps/JS42-123-1991-eng.pdf |